Metalcore - Meistgehörte Bands auf Spotify - Statistiken

Allgemein
  • Dieses Quiz wurde 119 mal gespielt
  • Das Durchschnittsergebnis liegt bei 11 aus 50
Antwortstatistiken
Nr Antwort Monatliche Hörer % Korrekt
1 Bring Me The Horizon 12,946,504
70%
12 Architects 2,829,747
56%
7 Motionless In White 3,633,744
49%
4 Bad Omens 5,193,819
46%
8 Killswitch Engage 3,391,134
46%
5 Bullet For My Valentine 4,600,257
45%
26 Parkway Drive 1,620,608
45%
2 Sleep Token 8,123,217
45%
6 I Prevail 4,449,769
43%
10 Electric Callboy 3,120,053
41%
18 Ice Nine Kills 2,072,136
40%
23 Beartooth 1,827,461
36%
9 Spiritbox 3,289,587
35%
3 A Day To Remember 5,321,837
33%
27 Trivium 1,600,424
33%
46 LANDMVRKS 988,146
31%
11 Asking Alexandria 2,933,788
30%
19 We Came As Romans 2,041,625
28%
45 While She Sleeps 989,147
26%
34 Knocked Loose 1,427,533
23%
43 Polaris 1,078,390
23%
35 Dayseeker 1,372,104
21%
13 The Plot In You 2,592,435
21%
22 In Flames 1,859,485
19%
17 Memphis May Fire 2,084,560
19%
30 Atreyu 1,492,851
18%
24 Of Mice & Men 1,695,684
18%
32 Wage War 1,430,266
18%
39 Imminence 1,127,609
15%
41 Slaughter to Prevail 1,111,712
15%
40 The Amity Affliction 1,126,884
15%
29 All That Remains 1,500,468
13%
14 Escape the Fate 2,481,792
13%
50 thrown 937,480
13%
47 Currents 986,067
11%
28 Underoath 1,568,200
11%
48 Paleface Swiss 942,907
10%
36 Caskets 1,345,492
9%
20 Lamb of God 2,004,190
9%
15 Catch Your Breath 2,329,331
6%
44 Kublai Khan TX 993,566
6%
25 Loathe 1,685,827
5%
16 Our Last Night 2,171,026
5%
37 Rain City Drive 1,172,064
4%
33 Silverstein 1,430,046
4%
31 Dance Gavin Dance 1,489,852
3%
21 The Word Alive 1,999,968
3%
38 Get Scared 1,136,981
1%
49 Wind Walkers 939,201
1%
42 Holding Absence 1,105,330
0%
Keine übereinstimmenden Quizze gefunden
Verteilung der Resultate
Anzahl Personen mit jedem Resultat
Perzentil nach korrekt beantworteten Fragen
Ihre Resultats-Entwicklung
Sie haben dieses Quiz noch nicht gespielt